| 000 | 01116nam a2200205Ia 4500 | ||
|---|---|---|---|
| 003 | Ost | ||
| 005 | 20260507075744.0 | ||
| 008 | 260507s9999||||xx |||||||||||||| ||und|| | ||
| 020 | _a6060409961 | ||
| 040 | _cfsecg | ||
| 041 | _aara | ||
| 082 | _a330 | ||
| 100 |
_aكتوش، عاشور _eمؤلف |
||
| 245 | 0 |
_aالمحاسبة العامة : _bأصول ومبادئ وفقا للمخطط المحاسبي الوطني / _c عاشور كتوش |
|
| 260 |
_aالجزائر: _bديوان المطبوعات الجامعية, _c2003 |
||
| 300 |
_a202 صفحة؛ _bإيضاحات ؛ _c24 سم |
||
| 520 | _aمجال استعمال المحاسبة العامة وأهميتها- نظرية القيد المزدوج ومعادلة الميزانية- المخطط الوطني للمحاسبة- الدفاتر التجارية- دراسة المجموعة الثانية( الإستثمارات)- المخزونات دراسة المجموعة الاولى الاموال الخاصة- دراسة حسابات التسيير-أعمال نهاية . | ||
| 653 | _aالمحاسبة العامة | ||
| 942 | _cكتاب | ||
| 999 |
_c46178 _d46178 |
||